| 000 | 00383nam a2200145 a 4500 | ||
|---|---|---|---|
| 005 | 20140513081053.0 | ||
| 008 | 090910s19uu xx 00 eng d | ||
| 020 | _a0-721404-53-7 | ||
| 050 |
_aKit _bGUL 1976 |
||
| 245 |
_aGulliver's Travel / _cSwift, Jonathan. |
||
| 260 |
_aEngland : _bLadybird, _c1976. |
||
| 300 | _a50p. | ||
| 440 | _aLadybird childrens classics | ||
| 999 |
_c116408 _d116408 |
||